000 00348nam a22001457a 4500
003 OSt
008 240323b |||||||| |||| 00| 0 eng d
020 _a9789391759254
100 _aKAJI,Dhruv S
245 _aVedanta Vigenttes
250 _a1st
260 _aNew Delhi
_bMotilal Banarsidass Publications
_c2022
300 _a247
942 _2ddc
_cREF
999 _c12261
_d12261